000 00610nmm a2200169Ia 4500
008 251105s9999||||xx |||||||||||||||||und||
020 _a9789560010520
041 _aspa
100 _aGutierrez Tapia, Cristian
245 0 _aLa Contrasubversión como política :
_b La doctrina de guerra revolucionaria francesa y su impacto en las FF.AA. de Chile y Argentina
264 _a[Santiago de Chile, Chile] :
_bLOM Ediciones,
_c2018
300 _a144 páginas
490 _aHistoria
650 _aHistory of the Americas: Latin America
856 _uhttps://public.digitaliapublishing.com/a/127929
942 _cCF
999 _c93574
_d93574